00313nam a22001217a 4500003000400000008004100004020001800045082001400063100001700077245004700094260004200141300000800183OSt260219b |||||||| |||| 00| 0 eng d a9789395192934 a646.7 KIS aKING,Patrick aThe Science of Getting Started:How to Beat aNew DelhibSrishti Publicationsc2023 a162